000 00434nam a2200181Ia 4500
005 20251020182609.0
008 200515s9999 xx 000 0 und d
082 _aSC/621.33/A81/1976
110 _aAsociación Electrotécnica Peruana
245 0 _aCódigo Eléctrico del Perú
250 _a2a ed.
260 _aLima
260 _c1976
300 _a451
650 _aCODIGO ELECTRICO
650 _aELECTRICIDAD
942 _cLIB
999 _c3284
_d3284